Egy mikro méretű mobil vidámparkos vállalkozás minőségügyének vizgálata, és teendők a szolgáltatás minőségének fejlesztésére

Bibliográfiai részletek
Szerző: Greznár Gábor
További közreműködők: Zarándné Vámosi Dr. Kornélia
Dokumentumtípus: Diplomadolgozat
Kulcsszavak:TQM
Mikrovállalkozás
Mobil vidámpark
Családi vállalkozás
Online Access:http://dolgozattar.uni-bge.hu/3927

MARC

LEADER 00000nta a2200000 i 4500
001 dolg3927
005 20160613111137.0
008 151207suuuu hu om 000 hun d
040 |a BGE Dolgozattár Repozitórium  |b hun 
041 |a hu 
100 1 |a Greznár Gábor 
245 1 0 |a Egy mikro méretű mobil vidámparkos vállalkozás minőségügyének vizgálata, és teendők a szolgáltatás minőségének fejlesztésére  |c Greznár Gábor  |h [elektronikus dokumentum] 
246 1 1 |a Egy mikro méretű mobil vidámparkos vállalkozás minőségügyének vizgálata, és teendők a szolgáltatás minőségének fejlesztésére 
695 |a TQM 
695 |a Mikrovállalkozás 
695 |a Mobil vidámpark 
695 |a Családi vállalkozás 
700 1 |a Zarándné Vámosi Dr. Kornélia  |e ths 
856 4 0 |u http://dolgozattar.uni-bge.hu/3927/1/szakdoga%20v%C3%A9gs%C5%91.pdf  |z Dokumentum-elérés